000 01595nam a2200241 a 4500
001 000047501
003 DO-SdBNP
005 20240925135836.0
007 ta
008 180608s1984 dr 000 spa d
020 _a9681678327
040 _aDO-SdBNP
_bspa
_cBNPHU
082 4 _222
_bG557c
_a972.93054
100 1 _aGleijeses, Piero
_964160
245 1 3 _aLa crisis Dominicana. /
_cPiero Gleijeses.
260 _aMéxico, D.F. :
_bFondo de Cultura Económica,
_c1984.
300 _a470 p. ;
_c24 cm.
500 _aLa biblioteca posee la 1ra. reimprsión de 1985
505 _aBosquejo de la historia dominicana desde el Descubrimiento hasta la muerte de Trujillo (30-V-1961) 15|Nicaraguización o democratización? desde la muerte de Trujillo (30-V-1961) hasta el establecimiento del segundo Consejo de Estado (18-I-1962) 44|El gobierno provisional del Consejo de Estado (18-I-1962 / 25-IX-1963) y el gobierno Constitucional de Juan Bosch 77|El Triunvirato (25-IX-1963 / 24-IV-1965) 118|El contragolpe (24-IV-1965, de mediodía a medianoche) 168|Del contragolpe a la guerra civil (25-IV-1965, desde medianoche a las cuatro de la tarde) 184|El balance de fuerzas al comienzo de la guerra civil (La noche del 25 de abril) 203|La guerra civil (hasta el amanecer del 27 de abril) 226|Fracasa la jugada de San Isidro (Del amanecer del 27 de abril a la tarde del 28 de abril) 243|El triunfo del poder (La solución de la crisis. Su secuela inmediata: el Gobierno provisional de García Godoy) 261|La Pax Americana 261
590 _aInventariado, 2022/BT
910 _aDG
942 _2ddc
_cLBS1
999 _c46989
_d46989